Central Library OPAC University of Rajshahi

Pakistani society : (Record no. 33346)

MARC details
000 -LEADER
fixed length control field 00723nam a22002417a 4500
001 - CONTROL NUMBER
control field 33346
003 - CONTROL NUMBER IDENTIFIER
rucl marc code BD-RjUL
005 - DATE AND TIME OF LATEST TRANSACTION
control field 20211209052006.0
008 - FIXED-LENGTH DATA ELEMENTS--GENERAL INFORMATION
fixed length control field 140507s1968 pk 001 0 eng d
035 ## - SYSTEM CONTROL NUMBER
System control number (BD-RjUL)33437
040 ## - CATALOGING SOURCE
Original cataloging agency BD-RjUL
Language of cataloging eng
Transcribing agency BD-RjUL
041 ## - LANGUAGE CODE
Language code of text/sound track or separate title eng
082 ## - DEWEY DECIMAL CLASSIFICATION NUMBER
Classification number 309.15491
Author mark and year CHP 1968
100 1# - MAIN ENTRY--PERSONAL NAME
Personal name Chaudhury, Mohammad Iqbal.
9 (RLIN) 101228
245 ## - TITLE STATEMENT
Title Pakistani society :
Remainder of title a sociological analysis /
Statement of responsibility, etc. by M Iqbal Choudhry; Mushtaq Ahmed Khan.
250 ## - EDITION STATEMENT
Edition statement 2nd ed.
260 ## - PUBLICATION, DISTRIBUTION, ETC. (IMPRINT)
Place of publication, distribution, etc. Lahore :
Name of publisher, distributor, etc. Noorsons,
Date of publication, distribution, etc. 1968.
300 ## - PHYSICAL DESCRIPTION
Pagination 391 p. ;
Size 23 cm.
504 ## - BIBLIOGRAPHY, ETC. NOTE
Bibliography, etc Includes index.
651 #0 - SUBJECT ADDED ENTRY--GEOGRAPHIC NAME
Geographic name Pakistan
Form subdivision Social conditions.
9 (RLIN) 101229
700 1# - ADDED ENTRY--PERSONAL NAME
Personal name Khan, Mushtaq Ahmed. [joint au.]
942 ## - ADDED ENTRY ELEMENTS (KOHA)
Source of classification or shelving scheme Dewey Decimal Classification
Koha item type Books
Holdings
Lost status Source of classification or shelving scheme Damaged status Not for loan Collection code Permanent Location Current Location Shelving location Date acquired Source of acquisition Cost, normal purchase price Total Checkouts Full call number Date last seen Copy number Koha item type
  Dewey Decimal Classification   Not For Loan Non-fiction Central Library, University of Rajshahi Central Library, University of Rajshahi Reading Room 20/09/1968 Zeitlinger 93.00   309.15491 CHP 1968 07/05/2014 C-1 Books